000 00336 a2200157 4500
001 47609
020 _a9780740792014
040 _cAnchieta - Aquarius
100 _aHannigan, Paula
240 1 0 _aZoo Babies
_lpor
245 1 0 _aZoo Babies
300 _a12
362 0 _a2009
650 4 _aLiteratura infantil em inglês
942 _cBK
999 _c47609
_d47609